| 000 | 00977nam a2200217 i 4500 | ||
|---|---|---|---|
| 001 | 189897 | ||
| 003 | SpMaBN | ||
| 005 | 20230906223602.0 | ||
| 008 | 191220s1975 sp |||| | spa d | ||
| 080 | _a616-089.843:17(042) | ||
| 080 | _a616-089.843:34(042) | ||
| 100 | 1 |
_aFernández Rodríguez, Antonio. _950037 |
|
| 245 | 1 | 0 |
_aProblemática jurídica del transplante de órganos humanos _b: discurso leído el día 7 de febrero de 1976, en la solemne sesión de ingreso del académico de número Don Antonio Fernández Rodríguez y contestación del Iltmo. Señor Carlos Martínez-Barbeito y Moras. |
| 260 |
_aLa Coruña : _bAcademia Gallega de Jurisprudencia y Legislación, _c1975. |
||
| 300 |
_a85 p. ; _c27 cm. |
||
| 650 | 7 |
_aTrasplante de órganos- _xDerecho. _9169210 |
|
| 700 | 1 |
_aMartínez-Barbeito, Carlos, _d1913-1997 _977884 |
|
| 710 | 2 |
_aAcademia Gallega de Jurisprudencia y Legislación. _91197 |
|
| 852 |
_aES-MaACL _jL-32480 |
||
| 999 |
_c189897 _d189897 |
||